01390nam a2200361Ia 4500001001200000003000800012006001900020007001500039008004100054010001700095020003600112020003900148020001800187040002100205035002100226050002300247082001600270100002700286245009100313260005600404300002600460504005100486533015200537600004100689650002300730650002400753650002700777650003500804655002900839710001700868856012600885999001701011ebr10675749CaPaEBRm u cr cn|||||||||090203s2009 caua sb s001 0 eng d z 2009004282 z0520258932 (cloth : alk. paper) z9780520258938 (cloth : alk. paper) z9780520944404 aCaPaEBRcCaPaEBR a(OCoLC)50201268314aQH375b.R45 2009eb04a576.8/22221 aReiss, John O.,d1961-10aNot by designh[electronic resource] :bretiring Darwin's watchmaker /cJohn O. Reiss. aBerkeley :bUniversity of California Press,cc2009. axviii, 422 p. :bill. aIncludes bibliographical references and index. aElectronic reproduction.bPalo Alto, Calif. :cebrary,d2013.nAvailable via World Wide Web.nAccess may be limited to ebrary affiliated libraries.10aCuvier, Georges,cbaron,d1769-1832. 0aNatural selection. 0aEvolution (Biology) 0aEvolutionary genetics. 0aIntelligent design (Teleology) 7aElectronic books.2local2 aebrary, Inc.40uhttp://site.ebrary.com/lib/rucke/Doc?id=10675749zAn electronic book accessible through the World Wide Web; click to view c58279d58279